000 006030000a22001810004500
003 MACL
005 20160501141544.0
008 160501b xxu||||| |||| 00| 0 eng d
040 _aMACL
_cMACL
041 _aHindi
082 _a800 RAY
100 _aराय, गिरिजा
_954785
245 _aपरम्‍परा का मूल्‍यांकन और इतिहासबोध
_hगिरिजा राय
260 _bराका प्रकाशन
_c2003
_aइलाहाबाद
350 _a200
650 _aLiterature
_954786
942 _cHIN
_k800/RAY/L
_2ddc
999 _c18138
_d18138